Investigación de mercados de un centro comercial en la zona metropolitana de Guadalajara /

Uloženo v:
Podrobná bibliografie
Hlavní autor: González Farrera, Hilda Elvira (autor)
Další autoři: Villaseñor Paz, Melina
Médium: Diplomová práce Kniha
Jazyk:španělština
Témata:
Tagy: Přidat tag
Žádné tagy, Buďte první, kdo vytvoří štítek k tomuto záznamu!

MARC

LEADER 00000nam^a2200000^a^4500
001 000064958
005 20250521000000.0
009 20260310091120.996
037 |a Acervo ITESO - Biblioteca 
041 |a ESP 
090 |a LAM. 235 
100 |a González Farrera, Hilda Elvira  |e (autor) 
245 1 0 |a Investigación de mercados de un centro comercial en la zona metropolitana de Guadalajara /  |c H.E. González Farrera, M. Villaseñor Paz. 
264 |a Guadalajara, México :  |b edición de autor,  |c 1998 
300 |a 116 p. 
336 |a texto  |b txt  |2 rdacontenido 
337 |a sin mediación  |b n  |2 rdamedio 
338 |a volumen  |b nc  |2 rdasoporte 
502 |a ITESO Tesis de Licenciatura en Administración Area Mercadotecnia 
649 |a XX 
650 |a Investigación de Mercado 
650 |a Mercadotecnia 
650 |a Ciencias Administrativas 
650 |a Centros Comerciales -  |z Guadalajara, Jalisco 
700 |a Villaseñor Paz, Melina 
910 |a Fondo General 
920 |a Impresos - Tesis del ITESO 
930 |a Colección General 
905 |a 104 
901 |a 0500018623  |b IT2  |c TSS  |u 20250521 
902 |a https://opac.biblio.iteso.mx/vufind/Record/000064958